Archivácia mzdovej a personálnej agendy

Platnosť zákona č. 395/2002 Z. z. o archívoch a registratúrach a o doplnení niektorých zákonov. Povinnosti pôvodcu registratúry. Archivačná povinnosť podnikateľov verzus zákon o účtovníctve. Doba archivácie účtovných dokladov. Archivácia personálnej a mzdovej agendy.

Gespeichert in:
Bibliographische Detailangaben
1. Verfasser: Mintál, Ján
Format: Buchkapitel
Sprache:Slowakisch
Schlagworte:
Tags: Tag hinzufügen
Keine Tags, Fügen Sie das erste Tag hinzu!

MARC

LEADER 00000naa a2200000 4500
001 0242404
005 20210225100145.8
041 0 |a slo 
044 |a SK 
245 1 0 |a Archivácia mzdovej a personálnej agendy  |c Ján Mintál 
520 |a Platnosť zákona č. 395/2002 Z. z. o archívoch a registratúrach a o doplnení niektorých zákonov. Povinnosti pôvodcu registratúry. Archivačná povinnosť podnikateľov verzus zákon o účtovníctve. Doba archivácie účtovných dokladov. Archivácia personálnej a mzdovej agendy. 
610 2 0 |a archívy 
610 2 0 |a archivácia 
610 2 0 |a archívy účtovné 
610 2 0 |a účtovníctvo 
610 2 0 |a personalistika 
610 2 0 |a evidencia 
610 2 0 |a dokumenty 
610 2 0 |a mzdy 
610 2 0 |a legislatíva 
610 2 0 |a firmy 
610 2 0 |a podnikanie 
610 2 0 |a podnikatelia 
100 1 |a Mintál, Ján